Vista normal Vista MARC

Entrada Materia (personas)

Número de registros utilizados en: 1

001 - CONTROL NUMBER

  • control field: 54428

003 - CONTROL NUMBER IDENTIFIER

  • control field: Co-BoUCM

005 - DATE AND TIME OF LATEST TRANSACTION

  • control field: 20140127174437.0

008 - FIXED-LENGTH DATA ELEMENTS

  • fixed length control field: 140127|| aca||aabn | a|a d

040 ## - CATALOGING SOURCE

  • Original cataloging agency: Co-BoUCM
  • Transcribing agency: Co-BoUCM

100 ## - HEADING--PERSONAL NAME

  • Personal name: Kant, Inmanuel
  • Dates associated with a name: 1724 - 1804

670 ## - SOURCE DATA FOUND

  • Source citation: Work cat.: (Co-BoUCM)183642: Kant, Inmanuel 1724 - 1804, Prolegómenos a toda metafísica futura que haya de poder presentarse como ciencia, 1999